Normal view
MARC view
- Rehman, Habib Ur (328570)
Entry Personal Name
001 - CONTROL NUMBER
- control field: 118255
003 - CONTROL NUMBER IDENTIFIER
- control field: NUST
005 - DATE AND TIME OF LATEST TRANSACTION
- control field: 20230928105035.0
008 - FIXED-LENGTH DATA ELEMENTS
- fixed length control field: 230928|| aca||aabn | a|a d
040 ## - CATALOGING SOURCE
- Original cataloging agency: NUST
- Transcribing agency: NUST
100 ## - HEADING--PERSONAL NAME
- Personal name: Rehman, Habib Ur (328570)
670 ## - SOURCE DATA FOUND
- Source citation: Work cat.: (NUST)603222: Rehman, Habib Ur (328570), Optimal Planning of Renewable based DGs for Achieving Techno-Economic Objectives across various Load Models /, 2023
